| 000 | 00947cab a2200241 4500 | ||
|---|---|---|---|
| 001 | ABS56292 | ||
| 008 | 090401t1996 xxu||||| |||| 00| 0 eng d | ||
| 035 | _a(Sirsi) u22598 | ||
| 041 | _aeng | ||
| 100 | _aSheridan, P | ||
| 245 | 4 | _aThe consensus challanged: incorporation of arbitration agreements by reference into construction contracts | |
| 260 | _c1996 | ||
| 350 | _a0 | ||
| 490 |
_aArbitration and Dispute Resolution Law Journal _v(4) December 1996, 274-286(13) |
||
| 520 | _aExamines the issue of whether arbitration agreements should be incorporated and the effect on construction contracts. | ||
| 650 | _aARBITRATION AGREEMENTS | ||
| 650 | _aBUILT ENVIRONMENT-BUILDING CONTRACT FORMS | ||
| 650 | _aBUILT ENVIRONMENT-BUILDING CONTRACT FORMS | ||
| 650 | _aINCORPORATION | ||
| 690 | _aMANAGEMENT-DISPUTE AVOIDANCE, MANAGEMENT AND RESOLUTION-DISPUTE MANAGEMENT AND RESOLUTION-ARBITRATION | ||
| 942 | _n0 | ||
| 948 | _c04/03/1997 | ||
| 999 |
_c15144 _d15144 |
||